<?xml version="1.0" encoding="UTF-8"?><?xml-stylesheet type="text/xsl" href="static/style.xsl"?><OAI-PMH xmlns="http://www.openarchives.org/OAI/2.0/" xmlns:xsi="http://www.w3.org/2001/XMLSchema-instance" xsi:schemaLocation="http://www.openarchives.org/OAI/2.0/ http://www.openarchives.org/OAI/2.0/OAI-PMH.xsd"><responseDate>2026-04-27T19:59:35Z</responseDate><request verb="GetRecord" identifier="oai:uvadoc.uva.es:10324/38320" metadataPrefix="marc">https://uvadoc.uva.es/oai/request</request><GetRecord><record><header><identifier>oai:uvadoc.uva.es:10324/38320</identifier><datestamp>2021-07-02T07:15:33Z</datestamp><setSpec>com_10324_799</setSpec><setSpec>col_10324_1048</setSpec></header><metadata><record xmlns="http://www.loc.gov/MARC21/slim" xmlns:doc="http://www.lyncode.com/xoai" xmlns:xsi="http://www.w3.org/2001/XMLSchema-instance" xmlns:dcterms="http://purl.org/dc/terms/" xsi:schemaLocation="http://www.loc.gov/MARC21/slim http://www.loc.gov/standards/marcxml/schema/MARC21slim.xsd">
<leader>00925njm 22002777a 4500</leader>
<datafield tag="042" ind1=" " ind2=" ">
<subfield code="a">dc</subfield>
</datafield>
<datafield tag="720" ind1=" " ind2=" ">
<subfield code="a">Dueñas Herrero, Arturo</subfield>
<subfield code="e">author</subfield>
</datafield>
<datafield tag="260" ind1=" " ind2=" ">
<subfield code="c">2019</subfield>
</datafield>
<datafield tag="520" ind1=" " ind2=" ">
<subfield code="a">De acuerdo con sus Estatutos, uno de los objetivos fundamentales del Consorcio BUCLEes  el  de  mejorar  la  calidad  de  los  servicios  bibliotecarios  de  las  universidades  que  lo  integran,  y  entre  sus  finalidades  está“facilitar  el  acceso  abierto  a  la  producción  científica de las Universidades Públicas de Castilla y León, incrementando la visibilidad de los resultados de investigación”.  Para  ello  las  bibliotecas  que  constituyen  BUCLE  se  han  involucrado  en  el proyecto “Servicio de mejora de los repositorios de las universidades públicas de Castilla y León y creación de un recolector de producción científica”.&#xd;
La actuación se ha organizado en dos fases: la primera dirigida a la normalización y puesta al día de cada uno de los archivos digitales abiertos de las cuatro universidades de la Comunidad Autónoma y la segunda orientada a la implementación de un recolector de producción científica.</subfield>
</datafield>
<datafield tag="024" ind2=" " ind1="8">
<subfield code="a">Comunicación  presentada  en  el  XVIII  Workshop  REBIUN  Proyectos  Digitales  -  VIII Jornadas  OS Repositorios  el  día  27  de  septiembre  de  2019  por  Arturo  Dueñas  Herrero,  Director  Gerente del Consorcio de Bibliotecas Universitarias de Castilla y León (BUCLE)</subfield>
</datafield>
<datafield tag="024" ind2=" " ind1="8">
<subfield code="a">http://uvadoc.uva.es/handle/10324/38320</subfield>
</datafield>
<datafield ind1=" " ind2=" " tag="653">
<subfield code="a">Repositorios institucionales</subfield>
</datafield>
<datafield ind1=" " ind2=" " tag="653">
<subfield code="a">Bibliotecas universitarias - España - Castilla y León</subfield>
</datafield>
<datafield tag="245" ind1="0" ind2="0">
<subfield code="a">Proyecto de mejora de los repositorios institucionales BUCLE y creación de un recolector de producción científica</subfield>
</datafield>
</record></metadata></record></GetRecord></OAI-PMH>